Т. 7 : Подъемные машины и приспособления для перемещения массовых грузов; Иллюстрированный технический словарь на шести языках: немецком, английском, французском, русском, итальянском и испанском
| Parent link: | Иллюстрированный технический словарь на шести языках: немецком, английском, французском, русском, итальянском и испанском: [в 11 т.]/ гл. ред. А. Шломан ; при участии изд. Р. Ольденбурга. Т. 7 : Подъемные машины и приспособления для перемещения массовых грузов.— , [1906-1910] |
|---|---|
| Altri autori: | |
| Lingua: | russo inglese tedesco francese italiano spagnolo |
| Pubblicazione: |
1910
|
| Soggetti: | |
| Natura: | Libro |
| KOHA link: | https://koha.lib.tpu.ru/cgi-bin/koha/opac-detail.pl?biblionumber=332257 |
MARC
| LEADER | 00000nam2a2200000 4500 | ||
|---|---|---|---|
| 001 | 332257 | ||
| 005 | 20231102004434.0 | ||
| 035 | |a (RuTPU)RU\TPU\book\358164 | ||
| 035 | |a RU\TPU\book\358159 | ||
| 090 | |a 332257 | ||
| 100 | |a 20170518d1910 km y0rusy50 ca | ||
| 101 | 0 | |a rus |a eng |a ger |a fre |a ita |a spa | |
| 102 | |a RU | ||
| 105 | |a a e 001zy | ||
| 200 | 0 | |a Т. 7 : Подъемные машины и приспособления для перемещения массовых грузов |f под ред. П. Штюльпнагеля | |
| 210 | |d 1910 | ||
| 215 | |a 651 с. |c ил. | ||
| 320 | |a Алф. указ.: с. 423-651 | ||
| 461 | 1 | |0 (RuTPU)RU\TPU\book\119379 |t Иллюстрированный технический словарь на шести языках: немецком, английском, французском, русском, итальянском и испанском |o [в 11 т.] |f гл. ред. А. Шломан ; при участии изд. Р. Ольденбурга |v Т. 7 : Подъемные машины и приспособления для перемещения массовых грузов |d [1906-1910] | |
| 606 | 1 | |a Грузоподъемные машины |2 stltpush |3 (RuTPU)RU\TPU\subj\72890 |9 86245 | |
| 610 | 1 | |a грузы | |
| 610 | 1 | |a перемещения | |
| 610 | 1 | |a динамика | |
| 610 | 1 | |a статика | |
| 610 | 1 | |a сооружения | |
| 610 | 1 | |a машиностроительные материалы | |
| 610 | 1 | |a сопротивление материалов | |
| 610 | 1 | |a приводы | |
| 610 | 1 | |a приборы | |
| 610 | 1 | |a лебедки | |
| 610 | 1 | |a краны | |
| 610 | 1 | |a рельсы | |
| 610 | 1 | |a подъемники | |
| 610 | 1 | |a склады | |
| 610 | 1 | |a оборудование | |
| 610 | 1 | |a канаты | |
| 675 | |a 621.86 |v 4 | ||
| 702 | 1 | |a Штюльпнагель |b П. |4 340 | |
| 801 | 1 | |a RU |b 63413507 |c 20170504 | |
| 801 | 2 | |a RU |b 63413507 |c 20170519 |g RCR | |
| 942 | |c BK | ||